Problémy lesných ciest na neštátnych pozemkoch

Technický a investičný rozvoj lesného hospodárstva sa nezaobíde bez výstavby lesných ciest. Problém výstavby lesných ciest na súkromných pozemkoch. Riešenie tohto problému v zahraničí - Česko, Maďarsko, Slovinsko a Poľsko. Investičné zámery - opravy a údržba, nová výstavba. Návrhy na riešenie v SR.

Enregistré dans:
Détails bibliographiques
Auteur principal: Michalík, Igor
Format: Chapitre de livre
Langue:slovaque
Sujets:
Tags: Ajouter un tag
Pas de tags, Soyez le premier à ajouter un tag!

MARC

LEADER 00000naa a2200000 4500
001 r046533
005 20230925130103.0
041 0 |a slo 
044 |a SK 
245 1 0 |a Problémy lesných ciest na neštátnych pozemkoch  |c Igor Michalík 
520 |a Technický a investičný rozvoj lesného hospodárstva sa nezaobíde bez výstavby lesných ciest. Problém výstavby lesných ciest na súkromných pozemkoch. Riešenie tohto problému v zahraničí - Česko, Maďarsko, Slovinsko a Poľsko. Investičné zámery - opravy a údržba, nová výstavba. Návrhy na riešenie v SR. 
610 2 0 |a hospodárstvo lesné 
610 2 0 |a lesy 
610 2 0 |a cesty 
610 2 0 |a pozemky 
610 2 0 |a zámery investičné 
610 2 0 |a Česko 
610 2 0 |a Poľsko 
610 2 0 |a Slovinsko 
610 2 0 |a Maďarsko 
610 2 0 |a Slovensko 
100 1 |a Michalík, Igor